000 00742nam a22002177a 4500
005 20170327122014.0
010 _aENG-117587
020 _a9780199464166
_c895.00
020 _a0199464162
_c895.00
035 _aEN-101119
037 _bDABD/PUB
082 _a333.910954
245 _aWater security in Peri-Urban South-Asia :
_cedited by Vishal Narian [and] Anjal Prakash
_badapting to climate change and urbanization /
260 _aNew Delhi
_bOxford University Press
_c2017
270 _aYMCA Library Buiding 1 Jai Singh
_bNew Delhi
_e110001
300 _axx,314p. :
_c23cm(Hb)
_bill.(maps)
500 _aIncludes index
700 _aVishal Narian
700 _aAnjal Prakash
942 _2ddc
_cEN
_h333.910954
_mWAT
999 _c138476
_d138476